[Event "GER CM05-D email"]
[Site "GER email"]
[Date "2018.06.19"]
[Round "?"]
[White "Elias, Holger"]
[Black "Baranowski, Tadeusz"]
[Result "1/2-1/2"]
[WhiteElo "2331"]
[BlackElo "2356"]
[PlyCount "110"]
[EventDate "2018.??.??"]
[EventType "tourn (corr)"]
[EventRounds "10"]
[EventCountry "GER"]
[SourceTitle "Corr 2020"]
[Source "ChessBase"]
[SourceDate "2019.09.30"]
[SourceVersion "1"]
[SourceVersionDate "2019.09.30"]
[SourceQuality "1"]

1. d4 Nf6 2. c4 e6 3. Nf3 b6 4. g3 Bb7 5. Bg2 Bb4+ 6. Bd2 a5 7. 0-0 Bxd2 8. Qxd2 0-0 9. Rd1 d6 10. Qd3 d5 11. Nc3 Nbd7 12. Ne5 Qe7 13. Rac1 Rfd8 14. b3 Rab8 15. Qe3 c6 16. Nxd7 Qxd7 17. Na4 Ba6 18. c5 b5 19. Nb6 Qc7 20. a3 Bc8 21. b4 axb4 22. axb4 Nd7 23. Nxd7 Bxd7 24. Ra1 Ra8 25. Qc3 f6 26. e4 h6 27. h4 Be8 28. Re1 Bg6 29. e5 Rxa1 30. Qxa1 f5 31. Qa3 f4 32. g4 Qe7 33. h5 Bh7 34. Ra1 f3 35. Qxf3 Rf8 36. Qe3 Qh4 37. f3 Qg3 38. Ra3 Bb1 39. Qf2 Qf4 40. Rb3 Bh7 41. Qe3 Qxe3+ 42. Rxe3 Ra8 43. Bh3 Kf7 44. f4 Ra4 45. Rb3 Bc2 46. Rb2 Be4 47. Kh2 Ra3 48. Rf2 Ra4 49. Rb2 Ra3 50. f5 Rd3 51. Ra2 Rxd4 52. Ra7+ Kf8 53. fxe6 Rd2+ 54. Kg3 Rd3+ 55. Kh2 Rd2+ 1/2-1/2

[Event "GER CM05-C email"]
[Site "GER email"]
[Date "2018.06.19"]
[Round "?"]
[White "Elias, Holger"]
[Black "Szymanski, Robert"]
[Result "0-1"]
[WhiteElo "2331"]
[BlackElo "2357"]
[PlyCount "53"]
[EventDate "2018.??.??"]
[EventType "tourn (corr)"]
[EventRounds "10"]
[EventCountry "GER"]
[SourceTitle "Corr 2020"]
[Source "ChessBase"]
[SourceDate "2019.09.30"]
[SourceVersion "1"]
[SourceVersionDate "2019.09.30"]
[SourceQuality "1"]

1. d4 d5 2. c4 c6 3. Nf3 Nf6 4. e3 e6 5. b3 Nbd7 6. Bd3 Bd6 7. Bb2 0-0 8. 0-0 Ne4 9. Nc3 f5 10. Ne2 Qf6 11. Nf4 a5 12. Rc1 Qh6 13. Ne5 Rd8 14. Qc2 g5 15. Ne2 Nec5 16. dxc5 Bxe5 17. Bxe5 Nxe5 18. cxd5 Nxd3 19. Qxd3 exd5 20. h3 a4 21. f4 axb3 22. Qxb3 Qh5 23. Rc2 Re8 24. fxg5 Qxg5 25. Rf3 Qf6 26. Nd4 Rf8 27. Kh1 0-1

[Event "GER CM05-D email"]
[Site "GER email"]
[Date "2018.06.19"]
[Round "?"]
[White "Halliwell, Toni"]
[Black "Elias, Holger"]
[Result "1-0"]
[WhiteElo "2376"]
[BlackElo "2331"]
[PlyCount "59"]
[EventDate "2018.??.??"]
[EventType "tourn (corr)"]
[EventRounds "10"]
[EventCountry "GER"]
[SourceTitle "Corr 2020"]
[Source "ChessBase"]
[SourceDate "2019.09.30"]
[SourceVersion "1"]
[SourceVersionDate "2019.09.30"]
[SourceQuality "1"]

1. d4 Nf6 2. c4 e6 3. Nf3 b6 4. g3 Bb7 5. Bg2 Be7 6. 0-0 0-0 7. Nc3 Ne4 8. Bd2 d5 9. cxd5 exd5 10. Rc1 Na6 11. Bf4 Nxc3 12. Rxc3 c5 13. dxc5 Nxc5 14. Be5 Re8 15. Rc2 Bf8 16. Bd4 Ba6 17. Re1 Rc8 18. a3 Bc4 19. Nd2 Bb5 20. b4 Ne6 21. Bb2 d4 22. Rxc8 Qxc8 23. Nf3 Rd8 24. Qd2 g6 25. Nxd4 Bg7 26. e3 Qd7 27. Rd1 Nxd4 28. exd4 Ba4 29. Rc1 Bxd4 30. Bxd4 1-0

[Event "GER-ch50 V04 email"]
[Site "GER email"]
[Date "2018.05.15"]
[Round "?"]
[White "Loeffler, Werner"]
[Black "Elias, Holger"]
[Result "1/2-1/2"]
[WhiteElo "2363"]
[BlackElo "2331"]
[PlyCount "101"]
[EventDate "2018.??.??"]
[EventType "tourn (corr)"]
[EventRounds "10"]
[EventCountry "GER"]
[SourceTitle "Corr 2020"]
[Source "ChessBase"]
[SourceDate "2019.09.30"]
[SourceVersion "1"]
[SourceVersionDate "2019.09.30"]
[SourceQuality "1"]

1. d4 Nf6 2. c4 e6 3. g3 d5 4. Bg2 Be7 5. Nf3 dxc4 6. 0-0 0-0 7. Qc2 a6 8. Qxc4 b5 9. Qc2 Bb7 10. Bd2 Be4 11. Qc1 c6 12. Rd1 Nbd7 13. Nc3 Bg6 14. a3 Rc8 15. b4 h6 16. Qb2 Qc7 17. Rac1 Qa7 18. h3 Rfd8 19. e3 Nd5 20. Be1 N5b6 21. Nd2 e5 22. Nb3 Nc4 23. Qa1 Bh5 24. g4 Bg6 25. Ne2 h5 26. Nd2 Bd3 27. Ng3 hxg4 28. Qc3 Nxd2 29. Qxd3 Nc4 30. Bc3 exd4 31. Bxd4 c5 32. bxc5 Bxc5 33. Qf5 Bxd4 34. Rxd4 Nf8 35. Qxg4 Ne6 36. Nf5 g6 37. Rd5 Kf8 38. Nd4 Nxd4 39. Rxd4 Qe7 40. a4 Kg7 41. Rcd1 Ne5 42. Qe2 Rxd4 43. exd4 Nc6 44. Qxe7 Nxe7 45. axb5 axb5 46. d5 Kf6 47. d6 Rd8 48. d7 b4 49. Bf3 b3 50. Rd2 b2 51. Rxb2 1/2-1/2

[Event "GER CCM-E01-D email"]
[Site "GER email"]
[Date "2017.06.26"]
[Round "?"]
[White "Elias, Holger"]
[Black "Portych, Vaclav"]
[Result "1-0"]
[WhiteElo "2125"]
[BlackElo "2130"]
[PlyCount "73"]
[EventDate "2017.??.??"]
[EventType "tourn (corr)"]
[EventRounds "13"]
[EventCountry "GER"]
[SourceTitle "Corr 2020"]
[Source "ChessBase"]
[SourceDate "2019.09.30"]
[SourceVersion "1"]
[SourceVersionDate "2019.09.30"]
[SourceQuality "1"]

1. d4 Nf6 2. c4 e6 3. Nf3 b6 4. g3 Bb7 5. Bg2 Be7 6. 0-0 0-0 7. Re1 c5 8. d5 exd5 9. Nh4 Ne4 10. cxd5 Bxh4 11. Bxe4 Bf6 12. Nc3 d6 13. Bf4 Re8 14. Qc2 h6 15. Bg2 Na6 16. Nb5 Be5 17. Bxe5 Rxe5 18. e4 Qd7 19. Nc3 Rae8 20. Rad1 Rc8 21. f4 Re7 22. e5 Nb4 23. Qd2 Ba8 24. Re3 c4 25. e6 Qc7 26. a3 Nd3 27. b3 Qc5 28. b4 Qc7 29. Nb5 Qb8 30. exf7+ Rxf7 31. Re6 Rd7 32. Qe2 a6 33. Qh5 axb5 34. Be4 Nxf4 35. gxf4 Bxd5 36. Bxd5 Kh8 37. Qg6 1-0